00679cam a2200217 i 450000100100000000500170001000800410002702000330006804000230010104300120012405000180013608200100015410000210016424500600018526000390024530000280028450400260031265100440033865000660038208200130044800000101320200929145451.0750305s1974 bcca b 000 0 eng  a0888940238a0888940688bpbk. aDO-SdBNPcDLCdDLC an-cn-bc00aF1089.V3bT68 bT722v1 aTouchie, Rodger.10aVancouver Island, portrait of a past /cRodger Touchie. aVancouver :bJ. J. Douglas,c1974. a128 p. :bil. ;c29 cm. aBibliography: p. [6]. 0aVancouver Island (B.C.{Rpara}xHistory. 0aIndians of north americazBritish ColumbiazVancouver Island.00a971.1/34